| 000 | 00445nam a22001697a 4500 | ||
|---|---|---|---|
| 003 | NUST - PNEC | ||
| 005 | 20170116181024.0 | ||
| 008 | 150916b xxu||||| |||| 00| 0 eng d | ||
| 020 | _a007056888X | ||
| 040 | _cLIBRARY | ||
| 082 | _a621.815 SHI | ||
| 100 |
_910760 _a Shigley, Joseph Edward |
||
| 245 |
_aMechanical engineering design _c Joseph Edward, Shigley |
||
| 250 | _a4th ed | ||
| 650 |
_910761 _aMachine design _xME |
||
| 942 |
_2ddc _cBK |
||
| 999 |
_c67497 _d67497 |
||